[Event "Pardubice Czech op-C 32nd"]
[Site "Pardubice"]
[Date "2021.07.24"]
[Round "1"]
[White "Malik, Vojtech"]
[Black "Weiss, Pavel"]
[Result "1-0"]
[WhiteElo "1254"]
[BlackElo "1664"]
[PlyCount "99"]
[EventDate "2021.07.24"]
[EventType "swiss"]
[EventRounds "9"]
[EventCountry "CZE"]
[SourceTitle "EXT 2022"]
[Source "ChessBase"]
[SourceDate "2021.10.06"]
[SourceVersion "1"]
[SourceVersionDate "2021.10.06"]
[SourceQuality "1"]

1. e4 e5 2. Nf3 Nc6 3. Bc4 h6 4. d3 d6 5. Nc3 Nf6 6. Be3 Na5 7. Bb3 c6 8. h3 Be7 9. Qd2 b6 10. 0-0 Nxb3 11. axb3 Be6 12. Ra2 Qb8 13. Re1 g5 14. Nh2 d5 15. exd5 cxd5 16. d4 e4 17. f4 Nh5 18. fxg5 hxg5 19. Bxg5 Rg8 20. Bxe7 Kxe7 21. Kh1 Nf4 22. Rg1 a6 23. Raa1 Rg7 24. Raf1 Nh5 25. Ne2 Qd6 26. g4 Nf6 27. Qf4 Qxf4 28. Nxf4 Rh7 29. Rg3 Rc8 30. c3 Rch8 31. Kg2 Nd7 32. Rf2 Nf8 33. Nf1 Ng6 34. Nxg6+ fxg6 35. Ne3 b5 36. Rc2 Rc8 37. c4 Kd6 38. c5+ Kc6 39. Rf2 Rf7 40. Rxf7 Bxf7 41. h4 Rg8 42. Kh3 Be6 43. Rg1 Rg7 44. Rf1 Rf7 45. Rxf7 Bxf7 46. Kg3 a5 47. Kf4 Kd7 48. Kg5 Ke6 49. h5 gxh5 50. gxh5 1-0